000 00551nam a22001697a 4500
005 20251108165357.0
008 250721s1984 xx 000 0 ara d
082 1 4 _aم/016.091/محم
100 1 _aعطا الله، محمود علي
245 1 0 _aفهرس مخطوطات المكتبة الإسلامية في يافا /
264 1 _aعمان :
_bمجمع اللغة العربية الاردني،
_c1984.
300 _a407ص
650 1 7 _aالمخطوطات العربية
650 1 7 _aالفهارس
942 _2ddc
_cREF
999 _c26458
_d26458